00481pab a2200157 454500008004000000100002200040245003400062260000900096300001000105362000900115650004000124773003200164909000900196999001500205952010300220180718b1985 xxu||||| |||| 00| 0 eng d aKim, Joong - Yang aCivil service reform in Korea c1985 a253-8 aFall aCivil Service - Legislation - Korea aPublic Personnel Management a5790 c5790d5790 00104070aIIPAbIIPAd2018-07-19hVolume no: 14, Issue no: 3pAR5797r2018-07-19w2018-07-19yAR